| 000 | 00788nam a2200253Ia 4500 | ||
|---|---|---|---|
| 003 | OSt | ||
| 005 | 20221005111944.0 | ||
| 006 | a|||||r|||| 00| 0 | ||
| 007 | ta | ||
| 008 | 221004b |||||||| |||| 00| 0 hin d | ||
| 024 | _a33080 | ||
| 037 | _cTextual | ||
| 040 |
_aCRL _cCRL _bhin |
||
| 041 |
_2hin _ahin |
||
| 082 | _aR6, 152L6 | ||
| 100 | _aउपाध्याय, बलदेव | ||
| 245 | 0 | _aभारतीय दर्शन | |
| 246 | _aBhāratīya darshana | ||
| 260 |
_aवाराणसी _bचौखम्भा ओरियन्टालिया भारत _c1998 |
||
| 300 |
_a740पृ. _ccm. |
||
| 650 | _aधर्म | ||
| 942 |
_hR6, 152L6 _cTEXL _2cc |
||
| 999 |
_c1023406 _d1023406 |
||